000 00727nam a2200253 a 4500
003 AR-BaBNM
005 20251128203542.0
008 082120s2002 ||||||||||||||000 | spa||
020 _a950-577-049-9
040 _cAR-BaBNM
100 1 _aRoitman, César
245 0 0 _aEl cuento argentino
_baño 1983
260 _aBuenos Aires
_bDe Belgrano
_c1983
300 _a121 p.
500 _aLa presente antología incluye los trabajos que obtuvieron el premio Coca-Cola en las artes y ciencias, colección 1981/1982
650 4 _aLITERATURA ARGENTINA
650 4 _aCUENTOS
650 4 _aESCRITORES
650 4 _aLITERATURA CONTEMPORANEA
650 4 _aANTOLOGIAS
655 _aLITERATURA
942 _cBK
998 _cMARTIN
999 _c3904
_d3904